Sports Quiz

Random Sports or MLB Quiz

Twins Top 50: Home Runs Quiz Stats

Quiz not verified by Sporcle

Challenge
Share
Tweet
Embed
Score 0/52 Timer 08:00
0 Plays Today
Years and Positions with Senators/Twins Player % Correct
1B/3B/LF - 1954-74Harmon Killebrew
99.1%
CF - 1984-95Kirby Puckett
98.4%
C/1B - 2004-presentJoe Mauer
96.7%
1B - 1981-94Kent Hrbek
96.3%
1B - 2003-13Justin Morneau
95.4%
CF - 1997-2007, 2015Torii Hunter
93.3%
3B - 1981-90Gary Gaetti
88.9%
RF/DH - 1962-76Tony Oliva
84.5%
2B/1B - 1967-78Rod Carew
82.2%
3B/DH - 2015-presentMiguel Sano
80.5%
RF - 1982-88Tom Brunansky
76.3%
OF - 1999-2005Jacque Jones
71.4%
2B -2012-presentBrian Dozier
68.6%
RF/1B - 2001-11Michael Cuddyer
65.8%
OF - 1958-70Bob Allison
65.7%
SS/DH - 1976-82, 1985-87Roy Smalley
62.9%
SS - 1983-92Greg Gagne
60.5%
SS - 1959-67Zoilo Versalles
57.8%
3B - 2010-16Trevor Plouffe
55.8%
DH/1B - 1997-2002David Ortiz
55.6%
LF/DH - 2012-14Josh Willingham
55%
3B - 1998-2004Corey Koskie
53.1%
OF/DH - 2004, 2006-11, 2014Jason Kubel
51.2%
LF - 1921-30, 1933, 1938Goose Goslin
49.6%
LF - 2015-presentEddie Rosario
48.6%
LF - 1954-59Roy Sievers
46.3%
Years and Positions with Senators/Twins Player % Correct
C - 1960-67Earl Battey
42.6%
OF - 1990-94Shane Mack
40.4%
LF/DH - 1995-99Marty Cordova
38.6%
C - 1981-89Tim Laudner
38.6%
OF - 1973-77Larry Hisle
36.8%
RF - 1995-2001Matt Lawton
34.8%
1B - 1939-43, 1946-48, 1950-55Mickey Vernon
33.6%
CF/LF - 1963-66Jimmie Hall
33.3%
SS - 1928-34Joe Cronin
32.5%
1B - 1915-32Joe Judge
31.4%
OF/DH - 1982-93Randy Bush
30.3%
1B/3B - 1995-2000Ron Coomer
29.7%
RF/LF - 1954-63Jim Lemon
29.1%
DH/C - 2000-05, 2007Matt LeCroy
26.8%
1B - 1960-66Don Mincher
26.5%
RF/CF - 1975-78Dan Ford
25%
3B - 1944, 1946-58Eddie Yost
23.5%
LF - 1979-83Gary Ward
23.1%
3B - 1961-68Rich Rollins
22%
RF/LF - 1990-95Pedro Munoz
19.4%
RF/CF - 1972-75Bobby Darwin
17.3%
C - 1966, 1968-73George Mitterwald
17%
1B - 1964-72, 1973Rich Reese
15.8%
1B - 1930-37, 1944-46Joe Kuhel
12.9%
3B/RF - 1935-41, 1945-47, 1949Buddy Lewis
10.4%
CF - 1942-44, 1946-47Stan Spence
8.4%

You're not logged in!

Compare scores with friends on all Sporcle quizzes.
Sign Up with Email
OR
Log In

You Might Also Like...

Show Comments

Extras

Top Quizzes Today


Score Distribution

Your Account Isn't Verified!

In order to create a playlist on Sporcle, you need to verify the email address you used during registration. Go to your Sporcle Settings to finish the process.